000 00282nam a2200121Ia 4500
008 220216s9999 xx 000 0 und d
245 0 _aRubber in life rafts
260 _bRubber Developments
_c1957
300 _a106-113
650 _aRubber
650 _aRubber rafts
942 _cJS
999 _c67676
_d67676